Profesia účtovník - jej súčasnosť a budúcnosť
Harmonizácia a globalizácia účtovníctva a trvalá potreba zdokonaľovať a skvalitňovať účtovné výkazníctvo a tlak na cieľavedomé a systematické vzdelávanie účtovníkov. Jeden z cieľov globalizácie - posilniť profesiu účtovník v celosvetovom meradle so zámerom vytvoriť globálnu profesiu a zvýšiť schopno...
Salvato in:
| Autore principale: | |
|---|---|
| Altri autori: | |
| Natura: | Capitolo di libro |
| Lingua: | slovacco |
| Soggetti: | |
| Tags: |
Nessun Tag, puoi essere il primo ad aggiungerne!!
|
MARC
| LEADER | 00000naa a2200000 4500 | ||
|---|---|---|---|
| 001 | 0150780 | ||
| 005 | 20240502072716.0 | ||
| 041 | 0 | |a slo | |
| 044 | |a SK | ||
| 245 | 1 | 0 | |a Profesia účtovník - jej súčasnosť a budúcnosť |c Jozef Škultéty, Petra Krišková |
| 520 | |a Harmonizácia a globalizácia účtovníctva a trvalá potreba zdokonaľovať a skvalitňovať účtovné výkazníctvo a tlak na cieľavedomé a systematické vzdelávanie účtovníkov. Jeden z cieľov globalizácie - posilniť profesiu účtovník v celosvetovom meradle so zámerom vytvoriť globálnu profesiu a zvýšiť schopnosť poskytovať služby aj v iných krajinách. | ||
| 610 | 2 | 0 | |a účtovníci |
| 610 | 2 | 0 | |a účtovníctvo |
| 610 | 2 | 0 | |a vzdelávanie |
| 610 | 2 | 0 | |a globalizácia |
| 610 | 2 | 0 | |a harmonizácia |
| 100 | 1 | |a Škultéty, Jozef | |
| 700 | 1 | |a Krišková, Petra, 1981- | |